000
00317nam a22001337a 4500
003
NUST
008
140618b xxu||||| |||| 00| 0 eng d
020
_c
Available
038
_a
Nusrat Nadeem
082
_2
5th Ed
_a
574.87 LEV
245
_a
Quantum Chemistry
_c
Levin ira .N
563
_a
Hardbinding
942
_2
ddc
_c
BK
999
_c
24669
_d
24669